000 00949nam a2200277 a 4500
001 51416
003 BD-RjUL
005 20211209075645.0
008 160831s1980 enkk b 001 0 eng
035 _a(BD-RjUL)51536
040 _aDLC
_cDLC
_dDLC
_dBD-RjUL
_beng
041 _aeng
082 0 0 _a378.013
_223
_bDEV 1980
245 1 0 _aDeveloping experiential learning programs for professional education /
_cEugene T. Byrne, Douglas E. Wolfe, guest editors.
260 _aLondon) :
_bJossey-Bass,
_cc1980.
300 _axii, 108 p. :
_bill. ;
_c24 cm.
500 _aInclude index
650 0 _aProfessional education.
_9153804
650 0 _aExperiential learning.
_9153805
700 1 _aByrne, Eugene T.
_9153806
700 1 _aWolfe, Douglas E.
_9153807
856 _3New directions for experiential learning ;
942 _2ddc
_cBK
999 _c51416
_d51416